Santidad para todos (Record no. 45482)

MARC details
000 -LEADER
campo de control de longitud fija 00629nam a2200193 i 4500
001 - NÚMERO DE CONTROL
campo de control 45482
003 - IDENTIFICADOR DE NÚMERO DE CONTROL
campo de control ES-MaACL
005 - FECHA Y HORA DE LA ÚLTIMA TRANSACCIÓN
campo de control 20231218202340.0
007 - CAMPO FIJO DE DESCRIPCIÓN FÍSICA--INFORMACIÓN GENERAL
campo de control de longitud fija t|
008 - DATOS DE LONGITUD FIJA--INFORMACIÓN GENERAL
campo de control de longitud fija 030326s1965 sp ||||1| spa d
100 1# - ENTRADA PRINCIPAL--NOMBRE DE PERSONA
Nombre de persona Colin, P.
9 (RLIN) 39594
245 10 - MENCIÓN DEL TÍTULO
Título Santidad para todos
Resto del título : conformidad de amor con la voluntad de Dios /
Mención de responsabilidad, etc. P. Colin ; [versión del francés por M. Gómez Molleda].
260 ## - PUBLICACIÓN, DISTRIBUCIÓN, ETC.
Lugar de publicación, distribución, etc. Madrid :
Nombre del editor, distribuidor, etc. Luz,
Fecha de publicación, distribución, etc. 1965.
300 ## - DESCRIPCIÓN FÍSICA
Extensión 305 p. ;
Dimensiones 17 cm.
650 #4 - PUNTO DE ACCESO ADICIONAL DE MATERIA--TÉRMINO DE MATERIA
Término de materia o nombre geográfico como elemento de entrada Santidad.
9 (RLIN) 161494
700 1# - ENTRADA AGREGADA--NOMBRE PERSONAL
Nombre de persona Gómez Molleda, María Dolores,
Fechas asociadas al nombre 1922-2017
9 (RLIN) 58053
852 ## - LOCALIZACIÓN
Ubicación ES-MaACL
Número de control de estantería C-27911
Sublocalización o colección R.57341
Holdings
Estatus retirado Estado de pérdida Estado de daño No para préstamo Biblioteca de origen Biblioteca actual Ubicación en estantería Fecha de adquisición Fuente de adquisición Total de préstamos Signatura topográfica completa Código de barras Visto por última vez Precio de reemplazo Tipo de ítem Koha
        Biblioteca del Ateneo de Madrid Biblioteca del Ateneo de Madrid Depósito 2 17/01/2008     C-27911 1047855 23/02/2023 23/02/2023 Libro impreso